Nanophysics of Solar and Renewable Energy

Dettagli Bibliografici
Autore principale: Wolf E. L. Edward
Riassunto:This easily accessible textbook provides an overview of solar to electric energy conversion, followed by a detailed look at one aspect, namely photovoltaics, including the underlying principles and fabrication methods. Professor Wolf, an experienced author and teacher, reviews-such green technologies as solar-heated-steam power, hydrogen, and "artificial leaf" approaches, as well as nuclear fusion. The energy generation in the sun is explained and applied to terrestrial fusion reactors. The book is self-contained so as to be suitable for students with introductory calculus-based courses in physics, chemistry, or engineering. It introduces concepts in quantum mechanics, atomic and molecular physics, plus the solid state and semiconductor junction physics needed to attain a quantitative understanding of the current status of this field. With its comments on economic aspects, it is also a useful tool for those readers interested in a career in alternative energy.
Lingua:inglese
Pubblicazione: Weinheim, Wiley-VCH Verlag GmbH & Co. KGaA, 2012
Serie:Physics Textbook
Soggetti:
Natura: MixedMaterials Libro
KOHA link:https://koha.lib.tpu.ru/cgi-bin/koha/opac-detail.pl?biblionumber=236667

MARC

LEADER 00000nam0a2200000 4500
001 236667
005 20231101231504.0
010 |a 9783527410460 
035 |a (RuTPU)RU\TPU\book\257833 
090 |a 236667 
100 |a 20130426d2012 k y0engy50 ba 
101 0 |a eng 
102 |a DE 
105 |a a z 001zy 
200 1 |a Nanophysics of Solar and Renewable Energy  |f E. L. Wolf 
210 |a Weinheim  |c Wiley-VCH Verlag GmbH & Co. KGaA  |d 2012 
215 |a 258 p.  |c il. 
225 1 |a Physics Textbook 
320 |a References: p. 245-250. 
320 |a Index: p. 251-258. 
330 |a This easily accessible textbook provides an overview of solar to electric energy conversion, followed by a detailed look at one aspect, namely photovoltaics, including the underlying principles and fabrication methods. Professor Wolf, an experienced author and teacher, reviews-such green technologies as solar-heated-steam power, hydrogen, and "artificial leaf" approaches, as well as nuclear fusion. The energy generation in the sun is explained and applied to terrestrial fusion reactors. The book is self-contained so as to be suitable for students with introductory calculus-based courses in physics, chemistry, or engineering. It introduces concepts in quantum mechanics, atomic and molecular physics, plus the solid state and semiconductor junction physics needed to attain a quantitative understanding of the current status of this field. With its comments on economic aspects, it is also a useful tool for those readers interested in a career in alternative energy. 
606 1 |a Возобновляемые источники энергии  |2 stltpush  |3 (RuTPU)RU\TPU\subj\65838  |9 82190 
606 1 |a Солнечная энергия  |x Использование  |2 stltpush  |3 (RuTPU)RU\TPU\subj\55505  |9 73527 
610 1 |a энергетика 
610 1 |a электрическая энергия 
610 1 |a тепловая энергия 
610 1 |a получение 
610 1 |a использование 
610 1 |a нанофизика 
610 1 |a английский язык 
675 |a 620.92  |v 3 
675 |a 621.472  |v 3 
700 1 |a Wolf  |b E. L.  |g Edward 
801 1 |a RU  |b 63413507  |c 20130426 
801 2 |a RU  |b 63413507  |c 20131125  |g RCR 
942 |c BK 
959 |a 87/20130424  |d 1  |e 0  |f ЧЗИЛ:1